000 00567nam a2200193 i 4500
001 50268
003 ES-MaACL
005 20230906162142.0
007 t|
008 030801s1960 sp fo |||| | spa d
100 1 _aCruz y Martín, Angel.
_941860
245 1 0 _aLeón y su provincia /
_cAngel Cruz y Martín.
250 _a1ª ed.
260 _a[S.l. :
_bs.n.,
_c1960] (
_eAstorga :
_fTip. Cornejo)
300 _aIII, 483 p. ;
_c24 cm.
599 _aA partir de la p. 10: Lám.
651 4 _aLeón (Provincia)-
_xDescripción.
_9154425
852 _aES-MaACL
_jC-1868
999 _c50268
_d50268